000 00549nam a2200193Ia 4500
003 OSt
005 20200908105410.0
008 190216s9999||||xx |||||||||||||| ||und||
020 _a9788121904674
040 _coclc
082 _a535.05
_bSUB/T
100 _aSubrahmanyam, N
_94480
245 0 _aA Textbook Of Optics /
_cN Subrahmanyam ; Brij Lal
250 _a22nd Ed.
260 _bSulthan Chand & Company,
_c2000.
_aNew Delhi:
300 _a718p
650 _aPhysics
942 _cBK
_2ddc
_h535.05
_iSUB/T
_k535.05
_mSUB/T
999 _c32995
_d32995